Logo BPK

Biblioteka

Politechniki Koszalińskiej

All or nothing : (Rekord nr 47452)

Szczegóły MARC
000 -ETYKIETA REKORDU
podpole kontrolne o stałej długości 00530nam a2200193 i 4500
001 - NUMER KONTROLNY REKORDU
pole kontrolne bgj
020 ## - MIĘDZYNARODOWY ZNORMALIZOWANY NUMER KSIĄŻKI - ISBN
ISBN 0399127747
040 ## - ŹRÓDŁO KATALOGOWANIA
Instytucja, która utworzyła rekord BPK
041 0# - KOD JĘZYKA
Kod języka tekstu eng
920 ## - Międzynarodowy znormalizowany numer książki – ISBN
ISBN 0-399-12774-7
008 - POLE O STAŁEJ DŁUGOŚCI - DANE KONTROLNE
podpole kontrolne o stałej długości s uk f |000 0 eng
100 1# - NAZWA OSOBOWA
Nazwa osobowa LONGSTREET, Stephen.
245 10 - TYTUŁ/ODPOWIEDZIALNOŚĆ
Tytuł All or nothing :
Ciąg dalszy tytułu a novel of San Francisco /
Pozostałe elementy strefy tytułu i oznaczenia odpowiedzialności Stephen Longstreet.
260 ## - STREFA ADRESU WYDAWNICZEGO
Miejsce wydania New York :
Nazwa wydawcy/dystrybutora G. P. Putnam's Sons,
Data publikacji, dystrybucji/powstania dokumentu cop. 1983.
300 ## - STREFA OPISU FIZYCZNEGO
Objętość 288 pp ;
Rozmiary 24 cm.
650 #9 - HASŁO PRZEDMIOTOWE W FORMIE NAZWY OGÓLNEJ LUB JEDNOSTKOWEJ
Nazwa ogólna lub geograficzna Fiction in English
-- American fiction
655 ## - TERMIN INDEKSOWY - OKREŚLENIE RODZAJU/FORMY DOKUMENTU
Określenie rodzaju/formy dokumentu Fiction
942 ## - DODATKOWE ELEMENTY (KOHA)
Typ dokumentu Książka
Egzemplarze
Wycofany Status egzemplarza Uszkodzony Dostępność Lokalizacja stała Lokalizacja bieżąca Miejsce przechowywania Sygnatura Kod kreskowy Typ dokumentu
      Dostępny Biblioteka Politechniki Koszalińskiej Biblioteka Politechniki Koszalińskiej Wypożyczalnia Językowa KA 3780 09026452 Książka
© 2023 Biblioteka Politechniki Koszalińskiej :: KOHA